000 00525nam a22002177a 4500
003 UA-OsUOA
001 59046
007 ta
008 20090305b un ||||| |||| 00| 0 ukr d
100 _aКняжанський В.
090 _a32
_bК54
942 _cSA
040 _aUA-OsUOA
_bukr
_cUA-OsUOA
_dUA-OsUOA
245 _aНавіщо Україні енергетична стратегія
300 _aС.5
955 _a0
041 _aukr
080 _a32
773 0 _w59045
650 7 _a32 Політика
_2UDC
999 _c345128
_d345128